Statistiken für Länder Südamerikas - Sprachen

Klicken Sie hier um das Quiz zu spielen!

Allgemein

  • Dieses Quiz wurde 373 mal gespielt
  • Das Durchschnittsergebnis liegt bei 12 aus 20

Antwortstatistiken

LandSprachen% Korrekt
ArgentinienSpanisch
100%
Spanisch
100%
UruguaySpanisch
100%
Spanisch
100%
Spanisch
100%
KolumbienSpanisch
100%
VenezuelaSpanisch
100%
Spanisch
100%
ChileSpanisch
100%
BrasilienPortugiesisch
87%
GuyanaEnglisch
77%
SurinameNiederländisch
51%
Quechua
19%
Quechua
19%
Quechua
19%
BolivienAymara
8%
PeruAymara
8%
ParaguayGuarani
8%
Guarani
8%
EcuadorShuar
1%

Verteilung der Resultate

Perzentil nach korrekt beantworteten Fragen

Anzahl Personen mit jedem Resultat

Ihre Resultats-Entwicklung

Sie haben dieses Quiz noch nicht gespielt